000 00838nam a2200229Ii 4500
003 JO-AjNU
008 230605s9999||||xx |||||||||||||| ||und||
017 _a2012/4/1278
020 _a978-9957-00-505-4
040 _aJO-AjNU
_bara
_erda
_cJO-AjNU
041 _aara
050 1 4 _aHV 5840.M376 2012
100 3 _aتأليف المشاقبة، محمد احمد خدام,
_eauthor
_944443
245 0 0 _aالشباب والمخدرات : الارشاد والعلاج النفسي
250 _aط1
264 3 1 _aعمان: دار الشروق للنشر والتوزيع، 2012
300 _a240ص
_bيحتوي على ببلوغرافية من 233-240ص
336 _atext
_btxt
_2rdacontent
337 _aunmediated
_bn
_2rdamedia
338 _avolume
_bnc
_2rdacarrier
650 4 _aادمان المخدرات - الشباب
_944444
999 _aA19191
_c22759
_d22759